000 00748cam a22001934a 4500
020 _a9781592332878
020 _a1592332870
050 0 0 _aRJ506.B65
_bA38 2007
100 1 _aAguirre, Blaise A.
245 1 0 _aBorderline personality disorder in adolescents :
_ba complete guide to understanding and coping when your adolescent has BPD /
_cBlaise A. Aguirre.
260 _aBeverly, Mass. :
_bFair Winds Press,
_cc2007.
300 _a288 p. ;
650 0 _vPopular works.
650 0 _vPopular works.
856 4 1 _uhttp://www.loc.gov/catdir/toc/ecip0720/2007024656.html
856 4 2 _uhttp://www.loc.gov/catdir/enhancements/fy0737/2007024656-d.html
856 4 2 _uhttp://www.loc.gov/catdir/enhancements/fy0737/2007024656-b.html
942 _2lcc
_cGEN
999 _c10799
_d10799